000 00220nam a2200097Ia 4500
008 170620s9999 xx 000 0 und d
100 _aDR. RASTOGI SANDHAY
245 0 _aINDIAN BANKING SYSTEM
260 _bANAND PUB
260 _c2015
300 _a140
999 _c30004
_d30004